Những ông vua nổi tiếng Trung Quốc
Đã lưu trong:
| Príomhúdar: | |
|---|---|
| Formáid: | Leabhar |
| Teanga: | Undetermined |
| Foilsithe: |
Đà Nẵng
Nhà xuất bản Đà Nẵng
2000
|
| Ábhair: | |
| Clibeanna: |
Cuir Clib Leis
Gan Chlibeanna, Bí ar an gcéad duine leis an taifead seo a chlibeáil!
|
| Thư viện lưu trữ: | Trung tâm Học liệu Trường Đại học Cần Thơ |
|---|
| LEADER | 00624nam a2200205Ia 4500 | ||
|---|---|---|---|
| 001 | CTU_35879 | ||
| 008 | 210402s9999 xx 000 0 und d | ||
| 020 | |c 56000 | ||
| 082 | |a 895.13081 | ||
| 082 | |b L250/T.1 | ||
| 100 | |a Tiêu, Lê | ||
| 245 | 0 | |a Những ông vua nổi tiếng Trung Quốc | |
| 245 | 0 | |c Tiêu Lê, Vũ Ngọc Quỳnh | |
| 260 | |a Đà Nẵng | ||
| 260 | |b Nhà xuất bản Đà Nẵng | ||
| 260 | |c 2000 | ||
| 650 | |a Chinese literature,Historical fiction | ||
| 650 | |z Chinese | ||
| 904 | |i Q. Hiếu (sửa) | ||
| 980 | |a Trung tâm Học liệu Trường Đại học Cần Thơ | ||